000 00430nam a2200181Ia 4500
005 20250425161216.0
008 250425s9999 xx 000 0 und d
020 _a0070026610
041 _aeng
082 _a628.3
100 _aAZAD, HARDAM SINGH
245 0 _aINDUSTRIAL WASTEWATR MANAGEMENT HANDBOOK
250 _aS.E.
260 _aEstados Unidos
_bMCGH
_c1976
260 _aNEW YORK
942 _c01
010 _a15118
999 _c204601
_d204601